| 000 | 00408nam a22001697a 4500 | ||
|---|---|---|---|
| 999 |
_c523522 _d523522 |
||
| 003 | NUST | ||
| 038 | _awaseem | ||
| 082 |
_a891.4391 _bBEA |
||
| 100 |
_aBeaa Gee _914037 |
||
| 245 |
_aIshq Dhamal / _cBeaa Gee |
||
| 260 |
_aLahore : _bMaktab-e-Fajar, _c2018. |
||
| 300 | _a192 p. ; | ||
| 500 | _aHardcover. | ||
| 880 |
_6100-02\r _aبیاء جی |
||
| 880 |
_6245-02\r _aعشق دھمال |
||
| 942 |
_2ddc _cBK |
||